|
|
|
|
| LEADER |
00000nam a22000007a 4500 |
| 005 |
20220920231648.0 |
| 007 |
cr|||| |||| |
| 008 |
220920s2010 co |||||s|||| 00||0 spa d |
| 020 |
|
|
|a 978-958-8348-95-7
|
| 035 |
|
|
|a 37233
|
| 040 |
|
|
|a vLex
|
| 090 |
|
|
|c 13989
|d 13989
|
| 100 |
1 |
|
|a Ospina Montoya, Norberto
|
| 245 |
1 |
0 |
|a Administracin̤ Fundamentos
|h [Recurso electrn̤ico] :
|b Cm̤o iniciarse en el estudio de la administracin̤ /
|c Norberto Ospina Montoya
|
| 256 |
|
|
|a Servicio en ln̕ea
|
| 260 |
|
|
|a Bogot:̀
|b Ediciones de la U,
|c 2010
|
| 300 |
|
|
|a 1 recurso electrn̤ico
|
| 506 |
1 |
|
|a Disponible solo en los productos indicados
|d vLex Global
|d vLex Global (Academic Edition, excluding Law Schools)
|d vLex Global (U.S. Academic Edition, Law Schools)
|d vLex Global (U.S. Academic Edition, excluding Law Schools)
|d vLex Global (Academic Edition, Law Schools)
|
| 650 |
0 |
4 |
|a Economa̕ y negocios
|z Colombia
|
| 740 |
0 |
|
|a vLex Libros (Servicio en ln̕ea)
|
| 856 |
4 |
0 |
|u https://app.vlex.com/#/sources/37233
|z Acceso restringido
|
| 942 |
|
|
|c BOOK
|
| 999 |
0 |
|
|a Economy and business
|